00945 2200325 4500001002100000005001500021035002000036007000300056040001700059100003000076245008600106250001200192300003700204020001800241041000800259082001000267084001400277090002100291264003300312336002100345337003000366338002300396500003700419650001200456700004200468700003600510850001000546008004100556990002200597INLIS00000000000747320260602010819 a0010-0822000447ta aSBPUPADbind0 aAnnabel KarmelePengarang1 aMasak Bersama /cAnnabel Karmel ;Penerjemah,Mario C Susanto ;Editor,Milly I Supit a.-Cet.1 a48 hlm :billus. ;c22 x 28,5 cm a308-641-003-017aind a641.5 a641.5 KAR a641.5 KAR m 20-8 a.--Jakarta; :bEsensi,c2009 2rdacontentateks 2rdamediaatanpa perantara 2rdacarrieravolume aTentang Penulis,hlm 48,Indeks 48 4amakanan0 aPenerjemah,Mario C SusantoePengarang0 aEditor,Milly I SupitePengarang aPUPAD260602 0  a26.935/H/DPK/2018